Dizajn v terapeuticko-relaxačných procesoch

Salvato in:
Dettagli Bibliografici
Autore principale: Skovayová, Barbara (Autore)
Altri autori: Paliatka, Peter (Relatore della tesi)
Natura: Manoscritto Libro
Lingua:slovacco
Pubblicazione: Bratislava 2021
Soggetti:
Accesso online:http://is.stuba.sk/zp/portal_zp.pl?podrobnosti=160078
Tags: Aggiungi Tag
Nessun Tag, puoi essere il primo ad aggiungerne!!

MARC

LEADER 00000ntm a22000003a 4500
001 stuzp85130
003 SK-STU
005 20220222090415.3
007 ta
008 150427s2015----xo-----f-mn---000-0-slo-d
040 |a STU  |b slo 
041 0 |a slo 
100 1 |a Skovayová, Barbara  |u 059190  |4 aut  |U FAD Fakulta architektúry a dizajnu  |T FAD Ústav dizajnu  |X 82422  |U A9190  |Y 400  |7 82422 
242 0 1 |a Design in therapeutic and relaxation processes  |y eng 
245 1 0 |a Dizajn v terapeuticko-relaxačných procesoch 
260 |c 2021  |a Bratislava 
650 4 |a Dizajn  |2 slo 
650 4 |a Rituál  |2 slo 
650 4 |a Terapia  |2 slo 
650 4 |a Relaxácia  |2 slo 
650 4 |a Zmysly  |2 slo 
650 4 |a Therapy  |2 eng 
650 4 |a Design  |2 eng 
650 4 |a Senses  |2 eng 
650 4 |a Relaxation  |2 eng 
650 4 |a Ritual  |2 eng 
700 1 |a Paliatka, Peter  |u 059190  |k Z1  |4 ths  |U FAD Fakulta architektúry a dizajnu  |T FAD Ústav dizajnu  |X 332  |U A9190  |Y 400  |7 A000000332 
856 4 |u http://is.stuba.sk/zp/portal_zp.pl?podrobnosti=160078  |u https://opac.crzp.sk/?fn=detailBiblioForm&sid=0C216CD716E182230D2B09AAC853